Bodh Gaya / (Record no. 53145)

MARC details
000 -LEADER
fixed length control field 01258nam a22002657a 4500
005 - DATE AND TIME OF LATEST TRANSACTION
control field 20110624115647.0
010 ## - LCCN (DPL NO)
LC control number B-430978
020 ## - INTERNATIONAL STANDARD BOOK NUMBER
International Standard Book Number 9780198069317
Terms of availability 225.00
020 ## - INTERNATIONAL STANDARD BOOK NUMBER
International Standard Book Number 0198069316
Terms of availability 225.00
035 ## - SYSTEM CONTROL NUMBER
System control number B-430978
037 ## - SOURCE OF ACQUISITION
Source of stock number/acquisition Allied Publishers/VEN
082 ## - DEWEY DECIMAL CLASSIFICATION NUMBER
Classification number 730.95453
100 ## - MAIN ENTRY--PERSONAL NAME
Personal name Asher, Frederick M.
245 ## - TITLE STATEMENT
Title Bodh Gaya /
Statement of responsibility, etc by Frederick M. Asher
260 ## - PUBLICATION, DISTRIBUTION, ETC. (IMPRINT)
Place of publication, distribution, etc New Delhi
Name of publisher, distributor, etc Oxford University Press
Date of publication, distribution, etc 2010
270 ## - ADDRESS
Address YMCA Library building, Jai Singh Road
City New Delhi
Postal code 110001
300 ## - PHYSICAL DESCRIPTION
Extent xiv, 98p.
Dimensions 22cm. (pbk)
490 ## - SERIES STATEMENT
Series statement Monumental legacy / edited by Devangana Desai
-- 29526
500 ## - GENERAL NOTE
General note Includes bibliographical references and index
700 ## - ADDED ENTRY--PERSONAL NAME
Personal name Desai, Devangana
9 (RLIN) 28768
942 ## - ADDED ENTRY ELEMENTS (KOHA)
Institution code [OBSOLETE] dpl
Item type English Books
Source of classification or shelving scheme Dewey Decimal Classification
Classification part 730.95453
Call number suffix ASH
Holdings
Withdrawn status Lost status Not for loan Collection code Home library Current library Date acquired Source of acquisition Cost, normal purchase price Full call number Barcode Copy number Cost, replacement price Koha item type
      Non-fiction Central Library Central Library 27/06/2011 Allied Pub/2951/29.3.11/78/14.3.11/31.3.11 225.00 730.95453 ASH B-430978 1 225.00 English Books

© Delhi Public Library
Hit Counter
free hit counter